Линии Токио Метро Викторина - Statistics

General Stats
  • This quiz has been taken 23 times
  • The average score is 9 of 13
Answer Stats
Picture Answer % Correct
Линия Хибия
100%
Линия Намбоку
100%
Линия Тиёда
82%
Линия Тодзай
82%
Линия Фукутосин
73%
Линия Юракутё
64%
Линия Маруноути
55%
Линия Гиндза
55%
Линия Хандзомон
55%
Линия Мита
55%
Линия Асакуса
55%
Линия Синдзюку
55%
Линия Оэдо
45%
No matching quizzes found
Score Distribution
Percent of People with Each Score
Percentile by Number Answered
Your Score History
You have not taken this quiz